[Event "Enger Knappen Cup op-B"]
[Site "Enger"]
[Date "2009.12.29"]
[Round "5"]
[White "Kara, Ayse"]
[Black "Zuerik, Maximilian"]
[Result "0-1"]
[WhiteElo "724"]
[BlackElo "766"]
[PlyCount "132"]
[EventDate "2009.12.27"]
[EventType "swiss"]
[EventRounds "7"]
[EventCountry "GER"]
[SourceTitle "EXT 2011"]
[Source "ChessBase"]
[SourceDate "2010.11.26"]
[SourceVersion "1"]
[SourceVersionDate "2010.11.26"]
[SourceQuality "1"]

1. e4 e5 2. Nf3 Nf6 3. Nc3 d6 4. Bc4 Bg4 5. d3 Nc6 6. Bg5 Be7 7. 0-0 0-0 8. h3 Bxf3 9. Qxf3 Nd4 10. Qg3 Kh8 11. Rae1 h6 12. Bxf6 Bxf6 13. Re3 Bh4 14. Qg4 Qf6 15. Nd5 Qd8 16. c3 c6 17. cxd4 cxd5 18. dxe5 dxc4 19. dxc4 dxe5 20. Rd1 Qf6 21. Rf3 Qg5 22. Qxg5 Bxg5 23. Rg3 Rad8 24. Re1 Rd2 25. Rb3 b6 26. a4 Rc8 27. Rb4 Be7 28. Rb5 Rxc4 29. Rxe5 Bf6 30. Re8+ Kh7 31. e5 Bg5 32. b3 Rb4 33. e6 fxe6 34. R1xe6 Rd1+ 35. Kh2 Rxb3 36. Rf8 Rd8 37. Rf7 Ra3 38. Rxa7 b5 39. Re4 Bd2 40. Ree7 Rg8 41. axb5 Rxa7 42. Rxa7 Bf4+ 43. g3 Bd6 44. Rd7 Bc5 45. Rd5 Bxf2 46. h4 g5 47. Kg2 Be3 48. Rd7+ Kg6 49. Rd6+ Kh7 50. Rd7+ Rg7 51. Rxg7+ Kxg7 52. Kf3 Bb6 53. Kg4 Kg6 54. h5+ Kf6 55. Kf3 Kf5 56. g4+ Ke5 57. Ke2 Kf4 58. Kd3 Kxg4 59. Kc4 Kf4 60. Kd5 g4 61. Kc6 Ba5 62. Kc5 g3 63. b6 Bxb6+ 64. Kxb6 g2 65. Kc6 g1Q 66. Kd6 Qe1 0-1

[Event "Enger Knappen Cup op-B"]
[Site "Enger"]
[Date "2009.12.27"]
[Round "1"]
[White "Kara, Ayse"]
[Black "Prasse, Thorsten"]
[Result "0-1"]
[WhiteElo "724"]
[BlackElo "1596"]
[PlyCount "40"]
[EventDate "2009.12.27"]
[EventType "swiss"]
[EventRounds "7"]
[EventCountry "GER"]
[SourceTitle "EXT 2011"]
[Source "ChessBase"]
[SourceDate "2010.11.26"]
[SourceVersion "1"]
[SourceVersionDate "2010.11.26"]
[SourceQuality "1"]

1. e4 c5 2. Bc4 e6 3. Qf3 Nc6 4. Qf4 d5 5. Bb5 dxe4 6. Qxe4 Bd7 7. c3 Nf6 8. Qh4 Be7 9. Qg5 0-0 10. h4 e5 11. h5 Ng4 12. Qxg7+ Kxg7 13. d3 Nd4 14. h6+ Kh8 15. Na3 Nxb5 16. Nxb5 Bxb5 17. c4 Bc6 18. f3 Bh4+ 19. Kf1 Qxd3+ 20. Ne2 Qd1# 0-1